Khảo sát thành phần phiêu sinh thực vật khu vực ao nuôi cá lóc vèo huyện Châu Phú - Tỉnh An Giang : Luận văn tốt nghiệp Đại học. Chuyên ngành Môi trường và Quản lý tài nguyên thiên nhiên

Đánh giá chất lượng nước kết hợp với kết quả phân tích một số chỉ tiêu hóa học trong môi trường nước khu vực nuôi cá lóc vèo. Từ đó đề xuất các biện pháp xử lý nước và kỹ thuật nuôi cá....

Ausführliche Beschreibung

Gespeichert in:
Bibliographische Detailangaben
1. Verfasser: Nguyễn, Thị Thùy Trang
Format: Buch
Sprache:Undetermined
Veröffentlicht: Cần Thơ Trường Đại học Cần Thơ 2005
Schlagworte:
Tags: Tag hinzufügen
Keine Tags, Fügen Sie den ersten Tag hinzu!
Thư viện lưu trữ: Trung tâm Học liệu Trường Đại học Cần Thơ
LEADER 01224nam a2200205Ia 4500
001 CTU_143419
008 210402s9999 xx 000 0 und d
082 |a 579.81776 
082 |b Tr106 
100 |a Nguyễn, Thị Thùy Trang 
245 0 |a Khảo sát thành phần phiêu sinh thực vật khu vực ao nuôi cá lóc vèo huyện Châu Phú - Tỉnh An Giang : 
245 0 |b Luận văn tốt nghiệp Đại học. Chuyên ngành Môi trường và Quản lý tài nguyên thiên nhiên 
245 0 |c Nguyễn Thị Thùy Trang; Trương Thị Nga, Trần Chấn Bắc (Giáo viên hướng dẫn) 
260 |a Cần Thơ 
260 |b Trường Đại học Cần Thơ 
260 |c 2005 
520 |a Đánh giá chất lượng nước kết hợp với kết quả phân tích một số chỉ tiêu hóa học trong môi trường nước khu vực nuôi cá lóc vèo. Từ đó đề xuất các biện pháp xử lý nước và kỹ thuật nuôi cá. 
650 |a Phytoplankton,Phiêu sinh 
904 |i Năm 
980 |a Trung tâm Học liệu Trường Đại học Cần Thơ